| 000 | 00824nam a2200253 a 4500 | ||
|---|---|---|---|
| 003 | DO-SdBNP | ||
| 005 | 20250114080633.0 | ||
| 007 | ta | ||
| 008 | 250114e2024 dr a|||gr|||| 001 e spa d | ||
| 020 | _a9789945800951 | ||
| 040 |
_aDO-SdBNP _bspa _cBNPHU _erda |
||
| 082 | 4 |
_axxx _bP979e,2024 _222 |
|
| 100 | 1 |
_958658 _aPujols, Juan _d1954 - _eautor |
|
| 245 | 1 | 0 |
_aEn la calidad de tus pensamientos está el poder de la abundancia: _breflexiones para una vida integral / _cJuan Pujols |
| 250 | _a2da. ediciones | ||
| 264 |
_aSanto Domingo : _bEditora no indentificada, _c2024 |
||
| 300 |
_a99 páginas : _bilustraciones ; _c22 cm. |
||
| 336 |
_ardacontent _btexto _2txt |
||
| 337 |
_ardamedia _bsin mediación _2n |
||
| 338 |
_ardacarrier _bvolumen _2nc |
||
| 590 | _aInventariado 2024/DG | ||
| 910 | _aDG | ||
| 942 |
_2ddc _cLBS1 |
||
| 999 |
_c58041 _d58041 |
||